[Event "Polanica Zdroj op-D 58th"]
[Site "Polanica Zdroj"]
[Date "2022.08.14"]
[Round "2"]
[White "Pieczulis, Hubert"]
[Black "Liskiewicz, Jakub"]
[Result "0-1"]
[WhiteElo "1472"]
[BlackElo "1910"]
[PlyCount "88"]
[EventDate "2022.08.13"]
[EventType "swiss"]
[EventRounds "9"]
[EventCountry "POL"]
[SourceTitle "CBM 210 Extra"]
[Source "ChessBase"]
[SourceDate "2022.11.30"]
[SourceVersion "1"]
[SourceVersionDate "2022.11.30"]
[SourceQuality "1"]

1. e4 Nf6 2. Nc3 d6 3. d4 g6 4. f3 Bg7 5. Be3 c6 6. Qd2 h5 7. Nge2 Nbd7 8. 0-0-0 b5 9. e5 b4 10. exf6 bxc3 11. Nxc3 Nxf6 12. h3 Rb8 13. Bc4 h4 14. Rhe1 Kf8 15. Ne4 a5 16. Nxf6 Bxf6 17. Bh6+ Kg8 18. Bg5 Qb6 19. b3 Kg7 20. Rxe7 Bxe7 21. Bxe7 d5 22. Qg5 Rh5 23. Qf6+ Kg8 24. Bd3 Bf5 25. Bxf5 Rxf5 26. Qxh4 Rh5 27. Qf4 Re8 28. Bd6 Re2 29. Rd2 Rf5 30. Qh4 Re6 31. Bc5 Qb8 32. Qf2 Qe8 33. Kd1 Rff6 34. c4 Re3 35. Re2 Rxe2 36. Qxe2 Re6 37. Qf2 Qb8 38. cxd5 cxd5 39. Qh4 Qb5 40. Qd8+ Re8 41. Qxd5 Qf1+ 42. Kd2 Re2+ 43. Kc3 Qc1+ 44. Kd3 Qc2# 0-1

[Event "POL-ch U15 Qual"]
[Site "Jastrzebia Gora"]
[Date "2021.11.20"]
[Round "8"]
[White "Pieczulis, Hubert"]
[Black "Latacz, Grzegorz"]
[Result "1-0"]
[WhiteElo "1379"]
[BlackElo "1446"]
[PlyCount "31"]
[EventDate "2021.11.15"]
[EventType "swiss"]
[EventRounds "9"]
[EventCountry "POL"]
[SourceTitle "EXT 2023"]
[Source "ChessBase"]
[SourceDate "2022.10.05"]
[SourceVersion "1"]
[SourceVersionDate "2022.10.05"]
[SourceQuality "1"]

1. d4 d5 2. f4 e6 3. Nf3 Nf6 4. e3 c5 5. c3 Be7 6. Bd3 b6 7. 0-0 Bb7 8. Ne5 Nbd7 9. Nd2 Ne4 10. Nxe4 dxe4 11. Bb5 Bc8 12. Qa4 a6 13. Bc6 Ra7 14. Bxe4 0-0 15. Nc6 Qc7 16. Nxe7+ 1-0

[Event "POL-ch U15 Qual"]
[Site "Jastrzebia Gora"]
[Date "2021.11.19"]
[Round "7"]
[White "Pieczulis, Hubert"]
[Black "Halhoul, Adam"]
[Result "0-1"]
[WhiteElo "1379"]
[BlackElo "1777"]
[PlyCount "94"]
[EventDate "2021.11.15"]
[EventType "swiss"]
[EventRounds "9"]
[EventCountry "POL"]
[SourceTitle "EXT 2023"]
[Source "ChessBase"]
[SourceDate "2022.10.05"]
[SourceVersion "1"]
[SourceVersionDate "2022.10.05"]
[SourceQuality "1"]

1. e4 c5 2. Nf3 d6 3. d4 cxd4 4. Nxd4 Nf6 5. Nc3 g6 6. Be3 Bg7 7. f3 Nc6 8. Qd2 0-0 9. g4 Nxd4 10. Bxd4 Be6 11. h4 Qa5 12. Nb5 Qxd2+ 13. Kxd2 Bd7 14. Nc3 Nxe4+ 15. Nxe4 Bxd4 16. c3 Be5 17. Ke3 Bc6 18. f4 Bg7 19. Rg1 Rad8 20. Rd1 Bd7 21. Bc4 b5 22. Bb3 a5 23. a3 b4 24. h5 bxa3 25. hxg6 hxg6 26. f5 Rb8 27. Bc4 Rfc8 28. b3 Bb5 29. Bd5 Bc6 30. Bc4 Bb5 31. Bd5 Bc6 32. Bc4 d5 33. Bxd5 Bxd5 34. Rxd5 Rxb3 35. fxg6 fxg6 36. Rxa5 Bxc3 37. Nxc3 Rbxc3+ 38. Kd4 R8c4+ 39. Kd5 Rf4 40. Ke5 Rff3 41. Ra7 Kf7 42. Rh1 Rce3+ 43. Kd4 Kf6 44. Rg1 e5+ 45. Kd5 Kg5 46. Re7 Rf4 47. Re6 Ra4 0-1

[Event "POL-ch U14"]
[Site "Uniejow"]
[Date "2021.07.25"]
[Round "9"]
[White "Kazmierowski, Tymon"]
[Black "Pieczulis, Hubert"]
[Result "1-0"]
[WhiteElo "1782"]
[BlackElo "1445"]
[PlyCount "145"]
[EventDate "2021.07.18"]
[EventType "swiss"]
[EventRounds "9"]
[EventCountry "POL"]
[SourceTitle "EXT 2022"]
[Source "ChessBase"]
[SourceDate "2021.10.06"]
[SourceVersion "1"]
[SourceVersionDate "2021.10.06"]
[SourceQuality "1"]

1. Nf3 d5 2. d4 e6 3. c4 c6 4. Nbd2 f5 5. g3 Nf6 6. Bg2 Bd6 7. 0-0 0-0 8. b3 Nbd7 9. Bb2 Qe7 10. Ne5 Ne4 11. Ndf3 Ndf6 12. Rc1 Bd7 13. Qc2 Be8 14. Nd3 a5 15. Nfe5 Bh5 16. c5 Bc7 17. a3 Nd7 18. Nxd7 Qxd7 19. b4 g5 20. f3 Nf6 21. Ne5 Qg7 22. Qb3 g4 23. f4 Ne4 24. Bxe4 fxe4 25. bxa5 Bxa5 26. Bc3 Bxc3 27. Rxc3 Ra7 28. Qb2 Rfa8 29. Rb3 Be8 30. Rb1 h5 31. Rxb7 Rxb7 32. Qxb7 Qxb7 33. Rxb7 Rxa3 34. Rb8 Kf8 35. Nxc6 e3 36. Ne5 Ra1+ 37. Kg2 Ra2 38. Rb3 Rxe2+ 39. Kf1 Rxh2 40. Rxe3 Bb5+ 41. Ke1 Ke7 42. f5 Rh1+ 43. Kd2 exf5 44. Nxg4+ Kd8 45. Nf6 Bc4 46. Re8+ Kc7 47. Re5 Rh2+ 48. Ke3 Re2+ 49. Kf4 Rf2+ 50. Kg5 Rf3 51. Nxd5+ Bxd5 52. Rxd5 Rxg3+ 53. Kxh5 Rf3 54. Kg5 f4 55. Rf5 Rg3+ 56. Kxf4 Rd3 57. Ke4 Rd1 58. Kd5 Kd7 59. Rf7+ Ke8 60. Ra7 Kd8 61. Ke5 Rd2 62. d5 Re2+ 63. Kd6 Kc8 64. c6 Kb8 65. Re7 Rc2 66. Re8+ Ka7 67. c7 Kb7 68. Rb8+ Ka7 69. c8Q Rc6+ 70. Qxc6 Kxb8 71. Qd7 Ka8 72. Kc6 Kb8 73. Qb7# 1-0

[Event "POL-ch U14"]
[Site "Uniejow"]
[Date "2021.07.23"]
[Round "7"]
[White "Kusiak, Mateusz"]
[Black "Pieczulis, Hubert"]
[Result "1-0"]
[WhiteElo "1634"]
[BlackElo "1445"]
[PlyCount "139"]
[EventDate "2021.07.18"]
[EventType "swiss"]
[EventRounds "9"]
[EventCountry "POL"]
[SourceTitle "EXT 2022"]
[Source "ChessBase"]
[SourceDate "2021.10.06"]
[SourceVersion "1"]
[SourceVersionDate "2021.10.06"]
[SourceQuality "1"]

1. e4 e5 2. Nf3 Nf6 3. Nxe5 d6 4. Nf3 Nxe4 5. d3 Nf6 6. g3 Be7 7. Bg2 0-0 8. 0-0 c5 9. h3 Nc6 10. d4 d5 11. b3 Bf5 12. Bb2 Rc8 13. Nc3 cxd4 14. Nxd4 Nxd4 15. Qxd4 Bc5 16. Qf4 Bxc2 17. Rac1 Be4 18. Nxe4 Nxe4 19. Bxe4 dxe4 20. Qxe4 Qg5 21. Kg2 b6 22. h4 Qg6 23. Qf3 Rcd8 24. h5 Qd3 25. Qg4 Qd5+ 26. Kg1 g6 27. Bf6 Rde8 28. Rcd1 Qe6 29. Qg5 Be7 30. Bxe7 Qxe7 31. Qg4 Rd8 32. h6 f5 33. Qc4+ Qf7 34. Qa4 Rfe8 35. Qc6 Rc8 36. Qd7 Rc7 37. Qa4 Rce7 38. Rd6 Qf8 39. Qf4 Re4 40. Qd2 Re2 41. Qd5+ Qf7 42. Qd4 R2e4 43. Qd3 Qf8 44. Rd7 R4e7 45. Qd5+ Qf7 46. Rxe7 Rxe7 47. Qd8+ Qf8 48. Qd2 Qe8 49. Rd1 Re2 50. Qd5+ Qf7 51. Qa8+ Re8 52. Rd8 Kf8 53. Rxe8+ Qxe8 54. Qxa7 Qe1+ 55. Kg2 Qe4+ 56. Kh2 f4 57. Qb8+ Ke7 58. Qxf4 Qxf4 59. gxf4 Kd6 60. Kg3 Kc5 61. Kg4 Kb4 62. Kg5 Ka3 63. Kf6 Kxa2 64. Kg7 Kxb3 65. Kxh7 Kc2 66. Kxg6 b5 67. h7 b4 68. h8Q b3 69. f5 b2 70. Qxb2+ 1-0

[Event "POL-ch U14"]
[Site "Uniejow"]
[Date "2021.07.20"]
[Round "2"]
[White "Pieczulis, Hubert"]
[Black "Janeczko, Jakub"]
[Result "0-1"]
[WhiteElo "1445"]
[BlackElo "1976"]
[PlyCount "70"]
[EventDate "2021.07.18"]
[EventType "swiss"]
[EventRounds "9"]
[EventCountry "POL"]
[SourceTitle "EXT 2022"]
[Source "ChessBase"]
[SourceDate "2021.10.06"]
[SourceVersion "1"]
[SourceVersionDate "2021.10.06"]
[SourceQuality "1"]

1. e4 c5 2. c3 Nf6 3. e5 Nd5 4. d4 cxd4 5. Nf3 Nc6 6. Bc4 Nb6 7. Bb3 d5 8. exd6 Qxd6 9. 0-0 g6 10. Ng5 e6 11. Qf3 Qe7 12. Ne4 f5 13. Ng5 Bg7 14. Re1 0-0 15. Nxe6 Kh8 16. Qd1 Bxe6 17. Rxe6 Qd7 18. Bf4 Rad8 19. cxd4 Nxd4 20. Rd6 Qe7 21. Rxd8 Ne2+ 22. Kf1 Rxd8 23. Qxe2 Qxe2+ 24. Kxe2 Bxb2 25. Nc3 Re8+ 26. Kd2 Bxa1 27. Nb5 Be5 28. Bxe5+ Rxe5 29. Nd6 Re7 30. Nf7+ Kg7 31. Ng5 Kf6 32. Nf3 Rd7+ 33. Ke3 Nd5+ 34. Bxd5 Rxd5 35. Nd4 Ra5 0-1